| 000 | 00540nam a22001937a 4500 | ||
|---|---|---|---|
| 003 | OSt | ||
| 005 | 20140310182225.0 | ||
| 008 | 121114t xxu||||| |||| 00| 0 eng d | ||
| 020 | _a0553156063 | ||
| 050 |
_aPZ 7 _b.Su968s20 1988 |
||
| 082 |
_aFIC _bSu9sv #20 |
||
| 100 |
_aSuzanne, Jamie. _94455 |
||
| 245 |
_aPlaying hooky / _cwritten by Jamie Suzanne; created by Francine Pascal. |
||
| 260 |
_aNew York : _bBantam Skylark Book, _c1998. |
||
| 300 |
_a101 p. ; _c20 cm. |
||
| 650 |
_aFiction _9746 |
||
| 942 |
_2lcc _cFIC |
||
| 999 |
_c10783 _d10783 |
||